000 00369nam a22001217a 4500
999 _c1853
_d1853
005 20200904105530.0
008 200904b ||||| |||| 00| 0 eng d
020 _a0216908353
040 _cCML
245 _aMagnetism: Introduction Science.
_cJackson, S.
260 _aGreat Britain
_bBlackie and Son Ltd
_c1980
942 _2ddc
_cBK
_e1st Edition
_h530
_mJAC